Most-Visited Theme Parks Quiz - Statistics

General Stats
  • This quiz has been taken 8,278 times
    8,271 since last reset
  • The average score is 7 of 30
Answer Stats
Location Visitors Answer % Correct
Anaheim 15.9 m Disneyland
92%
Universal City, CA 5.04 m Universal Studios Hollywood
70%
Orlando 10.8 m Epcot Center
53%
Orlando 5.10 m Sea World Orlando
49%
Orlando 16.9 m Magic Kingdom
48%
Marne-la-Vallée, France 10.5 m Disneyland Paris
41%
Tampa 4.20 m Busch Gardens Tampa Bay
39%
Orlando 9.68 m Disney's Animal Kingdom
39%
Sandusky, Ohio 3.05 m Cedar Point
26%
Urayasu, Japan 14.4 m Tokyo Disneyland
24%
Orlando 9.60 m Disney's Hollywood Studios
22%
Hershey, Pennsylvania 2.89 m Hersheypark
22%
Orlando 5.94 m Islands of Adventure
18%
Buena Park, CA 3.60 m Knott's Berry Farm
17%
Anaheim 6.27 m Disney's California Adventure
16%
Hong Kong 5.20 m Hong Kong Disneyland
14%
San Diego 3.80 m SeaWorld San Diego
12%
Mason, Ohio 3.11 m Kings Island
11%
Jackson, New Jersey 2.70 m Six Flags Great Adventure
11%
Williamsburg, Virginia 2.80 m Busch Gardens Williamsburg
10%
Gurnee, IL 2.70 m Six Flags Great America
10%
Urayasu, Japan 12.6 m Tokyo DisneySea
8%
Orlando 5.92 m Universal Studios Florida
7%
Vaughan, Ontario 3.38 m Canada's Wonderland
6%
Osaka 8.16 m Universal Studios Japan
5%
Paris 4.50 m Walt Disney Studios Paris
5%
Yongin, South Korea 6.88 m Everland
3%
Seoul 5.55 m Lotte World
3%
Kuwana, Japan 4.46 m Nagashima Spa Land
3%
Hong Kong 5.10 m Ocean Park
3%
No matching quizzes found
Score Distribution
Percent of People with Each Score
Percentile by Number Answered
Your Score History
You have not taken this quiz since the last reset